Badly Drawn Stuff Quiz Stats

 Plays Quiz Updated Jan 26, 2019

Score 0/18 Timer 06:00
7 Plays Today
% Correct
Playboy
93%
Mona Lisa
91.4%
Taco Bell
87.9%
Mr. T
86%
Wayne's World
69%
Fozzie Bear
63.2%
Little Miss Sunshine
62.3%
Audrey Hepburn
55.9%
Poltergeist
55%
% Correct
LeBron James
54%
Tivo
52.9%
The Shawshank Redemption
50%
Adobe Systems Inc.
48.7%
Footloose
42.7%
The United Way
41.6%
Carmen Sandiego
32.5%
Reddit
29%
The Color Purple
19.2%

You're not logged in!

Compare scores with friends on all Sporcle quizzes.
OR
Log In

You Might Also Like...

Show Comments

Extras

Top Quizzes Today


Score Distribution

Your Account Isn't Verified!

In order to create a playlist on Sporcle, you need to verify the email address you used during registration. Go to your Sporcle Settings to finish the process.

Report this User

Report this user for behavior that violates our Community Guidelines.

Details: